000
00285nam a2200097Ia 4500
001
1228707
005
20250827093047.0
008
250824s9999 xx 000 0 und d
245
0
_a
HUYSUZ SAKAR VE YALNI ZBAYKUŞUN ISOLADAKİ ANILARI
_c
ALMILA AYDIN
260
_b
ALTIN KİTAPLAR YAYINLARI
999
_c
1228707
_d
1228707